白晝將近: (Record no. 2731)
[ view plain ]
| 000 -LEADER | |
|---|---|
| fixed length control field | 01514nam a2200229Ia 4500 |
| 003 - CONTROL NUMBER IDENTIFIER | |
| control field | OSt |
| 005 - DATE AND TIME OF LATEST TRANSACTION | |
| control field | 20241218121959.0 |
| 008 - FIXED-LENGTH DATA ELEMENTS--GENERAL INFORMATION | |
| fixed length control field | 200812s9999 xx 000 0 und d |
| 020 ## - INTERNATIONAL STANDARD BOOK NUMBER | |
| International Standard Book Number | 9789889931872 |
| 040 ## - CATALOGING SOURCE | |
| Transcribing agency | 0 |
| 041 ## - LANGUAGE CODE | |
| Language code of text/sound track or separate title | chi |
| 050 ## - LIBRARY OF CONGRESS CALL NUMBER | |
| Classification number | BR1285 |
| Item number | .Y83 2008 |
| 100 ## - MAIN ENTRY--PERSONAL NAME | |
| Personal name | 余杰 |
| 245 ## - TITLE STATEMENT | |
| Title | 白晝將近: |
| Remainder of title | 基督信仰在中國 / |
| Statement of responsibility, etc. | 余杰 |
| 246 ## - VARYING FORM OF TITLE | |
| Title proper/short title | 白昼将近 : |
| Remainder of title | 基督信仰在中国 |
| 260 ## - PUBLICATION, DISTRIBUTION, ETC. | |
| Place of publication, distribution, etc. | 香港: |
| Name of publisher, distributor, etc. | 晨鐘書局 |
| Date of publication, distribution, etc. | 2008 |
| 300 ## - PHYSICAL DESCRIPTION | |
| Extent | xxi, 333 p. |
| Other physical details | ; |
| Dimensions | 23 cm. |
| 505 ## - FORMATTED CONTENTS NOTE | |
| Formatted contents note | 青年作家余杰的一部文集《白晝將近:基督信仰在中國》。這是作者自2003年受洗成為基督徒以來完成的第一部以基督教信仰為中心的著作。全書分上、中、下三卷。作者敍述了近代基督教在中國傳播的歷史,分析了當今中國教會的現狀以及基督徒們改造文化的努力。<br/><br/>余杰被讀者看作中國人陸最敢於說真話的作家之一,以及最關注言論自由、公民權益和宗教信仰自由的公共知識份子之一。余杰在文學創作、政治評論和人文學術研究方面都有纍纍碩果。迄今為止,已出版作品近二十部、發表學術論文數十篇。近年來,余杰寫作的主題主要集中於近代思想史和學術史、基督信仰與文化使命、知識份子的精神變遷、現行教育制度的弊端、美國的憲政制度、俄羅斯的文學傳統以及中日關係等方面。 |
| 650 ## - SUBJECT ADDED ENTRY--TOPICAL TERM | |
| Topical term or geographic name entry element | Christian life. |
| 650 ## - SUBJECT ADDED ENTRY--TOPICAL TERM | |
| Topical term or geographic name entry element | Christianity -- China. |
| 942 ## - ADDED ENTRY ELEMENTS (KOHA) | |
| Source of classification or shelving scheme | |
| Koha item type | Chinese Book |
| Withdrawn status | Lost status | Damaged status | Not for loan | Home library | Current library | Shelving location | Date acquired | Total Checkouts | Total Renewals | Full call number | Barcode | Date last seen | Date last checked out | Price effective from | Koha item type |
|---|---|---|---|---|---|---|---|---|---|---|---|---|---|---|---|
| GETS Theological Seminary Library | GETS Theological Seminary Library | General Stacks | 08/12/2020 | 1 | 1 | BR1285 .Y83 2008 | 00001610 | 04/05/2022 | 03/04/2022 | 08/12/2020 | Chinese Book |